000 00833cam a2200241 4500
001 WS114120
008 010814n 000 0 eng u
035 _a(Sirsi) u114120
245 _aLandonline
520 _aWeb site for New Zealand's electronic database of land title and survey information which is being progressively implemented throughout the country with completion expected in 2002.
650 _aNEW ZEALAND
650 _aLAND INFORMATION NEW ZEALAND
650 _aGOVERNMENT
650 _aLINZ
650 _aTITLE SEARCHES
650 _aCERTIFICATION OF TITLE
650 _aLAND INFORMATION SYSTEM
650 _aGeomatics
_96242
650 _aINTERNATIONAL
690 _aPROPERTY LAW
856 4 0 _uhttps://www.landonline.govt.nz
_zView the website free of charge at www.landonline.govt.nz...
942 _n0
999 _c119828
_d119828